LEADER 02747nam 2200541 450 001 9910591162903321 005 20230111003050.0 010 $a0-19-192482-2 010 $a0-19-192481-4 010 $a0-19-265345-8 010 $a0-19-265344-X 035 $a(MiAaPQ)EBC7075521 035 $a(Au-PeEL)EBL7075521 035 $a(CKB)24717442400041 035 $a(StDuBDS)9780191924811 035 $a(PPN)268195579 035 $a(EXLCZ)9924717442400041 100 $a20220713d2022 fy| 0 101 0 $aeng 135 $aurcnu|||||||| 181 $ctxt$2rdacontent 182 $cc$2rdamedia 183 $acr$2rdacarrier 200 00$aVoices in psychosis $einterdisciplinary perspectives /$fedited by Angela Woods, Ben Alderson-Day, Charles Fernyhough$b[electronic resource] 205 $aFirst edition. 210 1$aOxford :$cOxford University Press,$d2022. 215 $a1 online resource (242 pages) 300 $aThis edition also issued in print: 2022. 300 $a"This is an open access publication, available online and distributed under the terms of a Creative Commons Attribution - Non Commercial - No Derivatives 4.0 International licence (CC BY-NC-ND 4.0)"--Title page verso. 311 08$aPrint version: Woods, Angela Voices in Psychosis Oxford : Oxford University Press, Incorporated,c2022 9780192898388 320 $aIncludes bibliographical references and index. 330 8 $aVoice-hearing experiences associated with psychosis are highly varied, frequently distressing, poorly understood, and deeply stigmatised, even within mental health settings. 'Voices in Psychosis' responds to the urgent need for new ways of listening to and making sense of these experiences. It brings multiple disciplinary, clinical, and experiential perspectives to bear on an original and extraordinarily rich body of testimony: transcripts of forty in-depth phenomenological interviews conducted with people who hear voices and who have accessed Early Intervention in Psychosis services. The book addresses the social, clinical, and research contexts in which the interviews took place, thoroughly investigating the embodied, multisensory, affective, linguistic, spatial, and relational qualities of voice-hearing experiences. 606 $aAuditory hallucinations 606 $aPsychology$2ukslc 606 $aPsychology$2thema 615 0$aAuditory hallucinations. 615 7$aPsychology. 615 7$aPsychology. 676 $a616.805 702 $aWoods$b Angela 702 $aAlderson-Day$b Ben 702 $aFernyhough$b Charles$f1968- 801 0$bStDuBDS 801 1$bStDuBDS 906 $aBOOK 912 $a9910591162903321 996 $aVoices in Psychosis$92912367 997 $aUNINA LEADER 01656nas 2200601-a 450 001 996202222203316 005 20231213213019.0 011 $a1432-0568 035 $a(DE-599)ZDB2303775-1 035 $a(OCoLC)42756889 035 $a(CKB)954925518607 035 $a(CONSER)---00227042- 035 $a(EXLCZ)99954925518607 100 $a19991103b19742006 s-- - 101 0 $aeng 135 $aurcnu|||||||| 181 $ctxt$2rdacontent 182 $cc$2rdamedia 183 $acr$2rdacarrier 200 10$aAnatomy and embryology 210 $aBerlin ;$aNew York $cSpringer-Verlag 311 $a0340-2061 531 $aANAT EMBRYOL BERL 531 $aANAT EMBRYOL 531 $aANAT EMBRYO 531 $aANATOMY AND EMBRYOLOGY BERLIN 531 $aANATOMY & EMBRYOLOGY 531 $aANAT EMBRYOL (BERL) 531 $aANAT. EMBRYOL 606 $aAnatomy$vPeriodicals 606 $aEmbryology$vPeriodicals 606 $aMorphology$vPeriodicals 606 $aAnatomie$vPériodiques 606 $aEmbryologie$vPériodiques 606 $aMorphologie$vPériodiques 606 $aMorphology$2fast$3(OCoLC)fst01026452 606 $aAnatomy$2fast$3(OCoLC)fst00808440 606 $aEmbryology$2fast$3(OCoLC)fst00908425 608 $aPeriodicals.$2fast 615 0$aAnatomy 615 0$aEmbryology 615 0$aMorphology 615 6$aAnatomie 615 6$aEmbryologie 615 6$aMorphologie 615 7$aMorphology. 615 7$aAnatomy. 615 7$aEmbryology. 676 $a596.03 906 $aJOURNAL 912 $a996202222203316 996 $aAnatomy and embryology$92139563 997 $aUNISA